Dicionário de francês-português, português-francês (Record no. 15754)
[ view plain ]
| 000 -Etiqueta do registo | |
|---|---|
| Valores | 00564nam a2200205 4500 |
| 010 ## - Número ISBN | |
| ISBN | 9789720014979 |
| 021 ## - Número do Depósito Legal | |
| Número | 291705/09 |
| 100 ## - Dados gerais de processamento | |
| Dados gerais | 20101028d2009 em y0pory50030103ba |
| 200 1# - Titulo e menção de responsabilidade | |
| Título próprio | Dicionário de francês-português, português-francês |
| 205 ## - Menção da edição | |
| Edição | 1ª ed. reimp |
| 210 #9 - Publicação | |
| Local de publicação | Porto |
| Nome do editor | Porto Editora, |
| Data de publicação | 2020 |
| 215 ## - Descrição física | |
| Paginação / Volumes | 1308, [2] p. |
| Dimensões | 19 cm |
| Material acompanhante | 1 CD-ROM |
| 225 2# - Colecção | |
| Título próprio da colecção | Dicionários modernos |
| 300 ## - Notas gerais | |
| Texto da nota | PADES |
| 675 ## - CDU | |
| Notação | (038)=134.1=133.1 |
| Edição | BN |
| Língua | por |
| 675 ## - CDU | |
| Notação | (038)=133.1=134.3 |
| Edição | BN |
| Língua | por |
| 801 #0 - Fonte de origem | |
| País | PT |
| Agência | BN |
| Regras de catalogação | RPC |
| 990 ## - Elementos KOHA | |
| Tipo de documento | Livro |
| Situação do levantamento | Estado | Número | Biblioteca de origem | Código de barras | Cota | Permissão de empréstimo | Tipo de documento | Forma de aquisição |
|---|---|---|---|---|---|---|---|---|
| BMA | Biblioteca Municipal do Alandroal | R14555/21 | 821.133.1'373(038) DIC | Livro | Compra |